| 000 | 00585nam a2200241 a 4500 | ||
|---|---|---|---|
| 003 | AR-BaBNM | ||
| 005 | 20251128205322.0 | ||
| 008 | 082120s2002 ||||||||||||||000 | spa|| | ||
| 020 | _a950-843-208-X | ||
| 040 | _cAR-BaBNM | ||
| 100 | 1 | _aHenault, Mirta | |
| 245 | 0 | 0 | _aPesadilla de realidad |
| 260 |
_aBuenos Aires _bVinciguerra _c1997 |
||
| 300 | _a102 p. | ||
| 650 | 4 | _aLITERATURA ARGENTINA | |
| 650 | 4 | _aLITERATURA CONTEMPORANEA | |
| 650 | 4 | _aMUJERES | |
| 653 | _aNOVELA PSICOLOGICA | ||
| 653 | _aNARRATIVA | ||
| 655 | _aLITERATURA | ||
| 942 | _cBK | ||
| 998 | _cMARTIN | ||
| 999 |
_c10901 _d10901 |
||